000 00763cam a2200253 a 4500
001 000008295
005 20200929161326.0
008 750117s1968 ve 000 f spa d
035 _a(DLC) 71392089
035 _a(OCoLC)1144199
040 _aDO-SdBNP
_cOTU
_dOCoLC
_dDLC
_dBNPHU
042 _apremarc
082 _aV863.44
_bD245p
100 1 _aDávalos, Baica,
_d1919-
_922443
245 1 3 _aLa piel de las víboras :
_brelatos, 1964-68 /
_cBaica Dávalos.
260 _a[Caracas] :
_bMonte Ávila Editores,
_c[1968].
300 _a110 p. ;
_c18 cm.
490 1 _aContinente
650 4 _aNovela venezolana
_93962
650 4 _aLiteratura venezolana
_ySIGLO XX
_99777
830 0 _aContinente
_95070
910 _aCatalogación por copia / LC
049 _aBNGR
999 _c8066
_d8066